[Event "Herne op 5th"]
[Site "Herne"]
[Date "2016.05.25"]
[Round "1"]
[White "Stricker, Florian"]
[Black "Arlt, Gerd"]
[Result "1-0"]
[WhiteElo "2119"]
[BlackElo "1785"]
[PlyCount "53"]
[EventDate "2016.05.25"]
[EventType "swiss"]
[EventRounds "7"]
[EventCountry "GER"]
[SourceTitle "CBM 172 Extra"]
[Source "ChessBase"]
[SourceDate "2016.06.21"]
[SourceVersion "1"]
[SourceVersionDate "2016.06.21"]
[SourceQuality "1"]

1. d4 Nf6 2. c4 d6 3. Nf3 g6 4. Nc3 Bg7 5. e4 0-0 6. Bd3 Nbd7 7. 0-0 e5 8. d5 a5 9. Bc2 Nc5 10. a3 Bg4 11. Rb1 Bxf3 12. Qxf3 a4 13. Be3 Nfd7 14. Qd1 f5 15. exf5 gxf5 16. Nxa4 Nxa4 17. Bxa4 f4 18. Bd2 e4 19. Bc2 Nc5 20. Bb4 Qg5 21. Kh1 f3 22. gxf3 exf3 23. Rg1 Qh4 24. Bc3 Rf7 25. Bxg7 Rxg7 26. Qxf3 Rf8 27. Rxg7+ 1-0

[Event "Ruhrgebiet Verbandsliga1 1213"]
[Site "Nordrheinwestfalen"]
[Date "2013.02.03"]
[Round "6.7"]
[White "Arlt, Gerd"]
[Black "Knauf, Thomas"]
[Result "1/2-1/2"]
[WhiteElo "1702"]
[BlackElo "1898"]
[PlyCount "39"]
[EventDate "2012.09.02"]
[EventType "team-tourn"]
[EventRounds "9"]
[EventCountry "GER"]
[SourceTitle "EXT 2020"]
[Source "ChessBase"]
[SourceDate "2019.10.17"]
[SourceVersion "1"]
[SourceVersionDate "2019.10.17"]
[SourceQuality "1"]
[WhiteTeam "Oberhausen SV III"]
[BlackTeam "Bochum-Linden-Dahlhausen"]
[WhiteTeamCountry "GER"]
[BlackTeamCountry "GER"]

1. e4 c5 2. c3 d5 3. exd5 Qxd5 4. d4 cxd4 5. cxd4 e6 6. Nf3 Nf6 7. Nc3 Qa5 8. Bd3 Be7 9. 0-0 0-0 10. Bf4 a6 11. Rc1 Nc6 12. Qe2 Rd8 13. Rfd1 Nb4 14. Bb1 Nbd5 15. Be5 Bd7 16. Ne4 Rac8 17. Nxf6+ Bxf6 18. Qe4 g6 19. Bxf6 Nxf6 20. Qf4 1/2-1/2

[Event "Prague Holiday K31"]
[Site "Prague"]
[Date "2010.08.03"]
[Round "4"]
[White "Kasparova, Tatiana"]
[Black "Arlt, Gerd"]
[Result "1-0"]
[WhiteElo "2167"]
[BlackElo "1951"]
[PlyCount "47"]
[EventDate "2010.08.01"]
[EventType "tourn"]
[EventRounds "9"]
[EventCountry "CZE"]
[SourceTitle "EXT 2023"]
[Source "ChessBase"]
[SourceDate "2022.10.05"]
[SourceVersion "1"]
[SourceVersionDate "2022.10.05"]
[SourceQuality "1"]

1. e4 e5 2. Nf3 Nc6 3. Bb5 a6 4. Bxc6 dxc6 5. 0-0 Bg4 6. h3 h5 7. d3 Bxf3 8. Qxf3 Qf6 9. Nd2 0-0-0 10. Qe3 Kb8 11. Nc4 Be7 12. Qg3 Qe6 13. Qxe5 Bf6 14. Qxe6 fxe6 15. Be3 g5 16. f4 g4 17. Ne5 Rh7 18. hxg4 Bxe5 19. fxe5 hxg4 20. Bg5 Re8 21. Rf4 Rg7 22. Bh4 Ne7 23. Raf1 Reg8 24. Rf8+ 1-0